| 000 | 00606nam a2200217Ia 4500 | ||
|---|---|---|---|
| 005 | 20250508165447.0 | ||
| 008 | 008 250505s9999 xx 000 0 hin d | ||
| 020 | _a81-7055-577-9 | ||
| 037 | _aTextual | ||
| 040 |
_aFEDL _beng _cFEDL |
||
| 041 |
_ahin _2hin |
||
| 084 |
_a891.43, BAD _qFEDL |
||
| 100 |
_aBadri Narayan Ed. _9780936 |
||
| 245 | 0 | _aSahitya aur samajik parivartan | |
| 260 |
_aNew Delhi, India _bVani Prakashan _c2008 |
||
| 300 | _a134p. | ||
| 365 |
_aINR _b200 |
||
| 700 |
_a Mishra Anant Ram Ed. _9780937 |
||
| 942 |
_cTEXL _h891.43, BAD |
||
| 999 |
_c1395223 _d1395223 |
||